Došwiadczenia ekologiczne

Ako učiť deti v predškolskom zariadení láske k prírode. Názorné príklady.

Bibliographic Details
Main Author: Olszowy, Teresa (Author)
Format: Article
Language:Polish

MARC

LEADER 00000nab a2200000 a 4500
001 vtls001503477
003 SK-MaSNL
005 20260304034322.0
008 050227s1997 xo 000 0 pol
035 |a SPKCL5804 
040 |a SPKCL  |b slo  |c SNKBUCL  |d ŠVK P(ŠME)  |e AACR2 
041 |a pol 
044 |a xo  |c SK 
080 |a 372.362:37.01:504.3  |2 1981 
080 |a 372.362  |2 1981 
100 1 |a Olszowy, Teresa  |4 aut  |9 1317041 
245 1 0 |a Došwiadczenia ekologiczne  |c Teresa Olszowy 
520 |a Ako učiť deti v predškolskom zariadení láske k prírode. Názorné príklady. 
773 1 |t Wychowanie w przedszkolu  |g Roč. 50, č. 4 (1997) s. 235-238 
850 |a Slovenská pedagogická knižnica Bratislava 
852 |a SPKCL  |b KIS3GCP  |b 000710000  |n SK 
999 |c 2652453  |d 2654383